| 000 | 00512cam a22001694a 4500 | ||
|---|---|---|---|
| 020 | _a9781611228045 (hardcover) | ||
| 040 | _cDLC | ||
| 082 | 0 | 0 | _a620 NOV 2011 A118 Or. |
| 245 | 0 | 0 |
_aBiodegradable materials : _bproduction, properties, and applications / |
| 260 |
_aHauppauge, N.Y. : _bNova Science Publishers, _cc2011. |
||
| 300 |
_ax, 239 p. : _bill. ; _c27 cm. |
||
| 650 | 0 | _aMaterials | |
| 650 | 0 | _aBiodegradable products. | |
| 700 | 1 | _aJohnson, Brandon M. | |
| 700 | 1 | _aBerkel, Zachary E. | |
| 942 | _cAEDBB | ||
| 999 |
_c20755 _d20755 |
||